000 00314 a2200145 4500
001 168791
020 _a
040 _cMagnum
100 _aJoly-Berbesson, F.
240 1 0 _aBautista y el dentista
_lESP
245 1 0 _aBautista y el dentista
362 0 _a1899
697 _aLITERATURA ESTRANGEIRA
942 _cBK
999 _c168791
_d168791